LEADER 02545oam 2200661I 450 001 9910783981303321 005 20230620210557.0 010 $a1-135-88551-6 010 $a1-138-99469-3 010 $a1-135-88552-4 010 $a1-280-05200-7 010 $a0-203-50903-X 024 7 $a10.4324/9780203509036 035 $a(CKB)1000000000252431 035 $a(EBL)182950 035 $a(OCoLC)252891596 035 $a(SSID)ssj0000305309 035 $a(PQKBManifestationID)11219405 035 $a(PQKBTitleCode)TC0000305309 035 $a(PQKBWorkID)10294613 035 $a(PQKB)11531765 035 $a(MiAaPQ)EBC182950 035 $a(Au-PeEL)EBL182950 035 $a(CaPaEBR)ebr10166482 035 $a(CaONFJC)MIL5200 035 $a(EXLCZ)991000000000252431 100 $a20180331d2003 uy 0 101 0 $aeng 135 $aur|n|---||||| 181 $ctxt$2rdacontent 182 $cc$2rdamedia 183 $acr$2rdacarrier 200 10$aOrigins of predicates $eevidence from Plains Cree /$fTomio Hirose 210 1$aNew York :$cRoutledge,$d2003. 215 $a1 online resource (xiv, 272 pages) $cillustrations 225 1 $aOutstanding dissertations in linguistics 300 $aDescription based upon print version of record. 311 0 $a0-203-60545-4 311 0 $a0-415-96779-1 320 $aIncludes bibliographical references and index. 327 $aBook Cover; Title; Contents; Acknowledgments; Abbreviations and Symbols; References; Index 330 $aThis book offers a new perspective on natural language predicates by analyzing data from the Plains Cree language. Contrary to traditional understanding, Cree verbal complexes are syntactic constructs composed of morphemes as syntactic objects that are subject to structurally defined constraints, such as c-command. Tomio Hirose illustrates this in his study of vP syntax, event semantics, morphology-syntax mappings, unaccusativity, noun incorporation, and valency-reducing phenomena. 410 0$aOutstanding dissertations in linguistics. 606 $aCree language$xVerb 606 $aCree language$xSyntax 606 $aCree language$xMorphology 615 0$aCree language$xVerb. 615 0$aCree language$xSyntax. 615 0$aCree language$xMorphology. 676 $a497/.3 700 $aHirose$b Tomio$f1968,$01479896 801 0$bMiAaPQ 801 1$bMiAaPQ 801 2$bMiAaPQ 906 $aBOOK 912 $a9910783981303321 996 $aOrigins of predicates$93696269 997 $aUNINA LEADER 01908oam 2200529zu 450 001 9910376227703321 005 20210807001931.0 035 $a(CKB)3170000000002028 035 $a(SSID)ssj0000752890 035 $a(PQKBManifestationID)12349265 035 $a(PQKBTitleCode)TC0000752890 035 $a(PQKBWorkID)10789884 035 $a(PQKB)10738528 035 $a(Association for Computing Machinery)10.1145/508791 035 $a(EXLCZ)993170000000002028 100 $a20160829d2002 uy 101 0 $aeng 135 $aurnn|008mam|a 181 $ctxt 182 $cc 183 $acr 200 10$aApplied computing 2002 : proceddings [i.e. proceedings] of the 2002 ACM Symposium on Applied Computing, Universidad Carlos III De Madrid, Madrid, Spain, March 11-14, 2002 210 31$a[Place of publication not identified]$cAssociation for Computing Machinery$d2002 215 $a1 online resource (1200 p.;) 225 1 $aACM Conferences 300 $aBibliographic Level Mode of Issuance: Monograph 311 $a1-58113-445-2 410 0$aACM Conferences 517 3 $aSAC '02 606 $aApplication software$vCongresses 606 $aElectronic data processing$vCongresses 606 $aEngineering & Applied Sciences$2HILCC 606 $aComputer Science$2HILCC 615 0$aApplication software 615 0$aElectronic data processing 615 7$aEngineering & Applied Sciences 615 7$aComputer Science 676 $a004 700 $aLamont$b Gary B$0854474 702 $aLamont$b Gary B 712 02$aAssociation for Computing Machinery 712 12$aSymposium on Applied Computing 801 0$bPQKB 906 $aBOOK 912 $a9910376227703321 996 $aApplied computing 2002 : proceddings of the 2002 ACM Symposium on Applied Computing, Universidad Carlos III De Madrid, Madrid, Spain, March 11-14, 2002$92145454 997 $aUNINA